000
00298nam a22001337a 4500
008
170530b xxu||||| |||| 00| 0 eng d
020
_a
9780465004959
041
_a
eng
080
_a
94(7/8)
100
_a
17
101
_a
SHH
245
_a
BEYOND THE REVOLUTION
_c
GOETZMANN,W.H
942
_2
udc
_c
BK
999
_c
15059
_d
15059